00467nam a22001817a 450000500170000001000150001702000260003203500140005803700090007208200140008110000160009524500460011125000060015726000540016327000470021730000180026470000030028220260325153121.0 aENG-147975 c500.00a9789369732876 aEN-131507 bDBAD a92121b1 aKARIYAN.P.K aLife of a RaavulancP.K. kariyanhEnglish a1 aTelanganabOrient Blackswan Private limitedc2026 bHyderabada3-6-752 , Himayatnagar,e500029 a128pb. c22cm